000 00718nam a2200205 a 4500
001 000036532
005 20200930075802.0
008 120119s1980 mx 000 0 spa d
020 _a9684350279
040 _aDO-SdBNP
_bspa
_cBNPHU
100 1 _aSatir, Virginia
_962785
240 1 0 _aConjoint family therapy.
_lespañol
245 1 0 _aPsicoterapía familiar conjunta :
_bguía teórica y práctica /
_cVirginia Satir; Leopoldo Chagoya ;.
260 _aMéxico :
_bPrensa Médica Mexicana,
_c1980.
300 _a233 p. ;
_c23 cm.
500 _aIncluye índice
500 _aIncluye referencias bibliográficas y notas al pie las páginas
504 _aBibliografía : p. 213-229
700 1 2 _aChagoya, Leopoldo
_962786
999 _c36023
_d36023